| 000 | 01035nam0a22002891 4500 | ||
|---|---|---|---|
| 001 | RU\INFOCOMM_322\NLR\5000103502 | ||
| 005 | 20250613104939.0 | ||
| 035 | _a(NLR Aleph) 009515920 | ||
| 090 |
_a8796167 _c8796167 |
||
| 100 | _a20121212d1976 |||y0rusy50 ca | ||
| 101 | 0 | _aeng | |
| 102 | _aRU | ||
| 105 | _ay z ||||| | ||
| 200 | 1 |
_aSimple inequality for the free energy of disordered systems _fJ. M. Kowalski |
|
| 210 |
_aДубна _d1976 |
||
| 215 |
_a7 с. _d22 см |
||
| 225 | 1 |
_a[Издания] _fОбъедин. ин-т ядерных исследований _vЕ 17-9731 |
|
| 320 | _aБиблиогр.: с. 7 | ||
| 606 | 0 |
_aКристаллы _xВозбужденные состояния локализованные _2nlr_sh1 |
|
| 606 | 0 |
_aЭнергия разупорядоченных систем _91968215 _3RU\NLR\AUTH\661188599 |
|
| 686 |
_aВ371.1 _2rubbk |
||
| 700 | 1 |
_aKowalski _bJ. M. |
|
| 801 | 1 |
_aRU _bNLR _c20121212 |
|
| 801 | 0 |
_aRU _bINFOCOMM _gPSBO |
|
| 852 |
_aNLR _jП11/2061 |
||
| 942 | _cBOOK | ||
| 980 | _aNB | ||